| 000 | 00620nam a22001697a 4500 | ||
|---|---|---|---|
| 999 |
_c19611 _d19611 |
||
| 003 | AR-CdUCM | ||
| 008 | 190518b ||||| |||| 00| 0 sp d | ||
| 040 |
_aMUNICIPALIDAD PROVINCIAL DEL CUSCO _cBIBLIOTECA MUNICIPAL DEL CUSCO |
||
| 082 |
_a327.987 / _bC26 |
||
| 100 |
_aCarias, German _941049 |
||
| 245 | _aNuestro compromiso / | ||
| 260 |
_aCaracas : _bRadio Nacional, _c1975. |
||
| 300 |
_a416 páginas ; _c24 cm. |
||
| 505 | _aUn pais libre y soberano -- Ante los no alineados -- Las relaciones de Cuba - Hacia la integración -- Los principios jurídicos --Dfensa de paz... | ||
| 942 |
_2ddc _cLIBROS |
||
| 945 | _awfj | ||